System of a Down - piosenki - Statystyki

Ogólne statystyki
  • Ten quiz został rozwiązany 130 razy
  • Średni wynik to 30 z 66
Statystyki odpowiedzi
Album Piosenka % Poprawnych
Toxicity Toxicity
95%
Toxicity Chop Suey!
88%
Toxicity Aerials
76%
System of a Down Sugar
75%
Hypnotize Hypnotize
72%
Mezmerize B.Y.O.B.
69%
System of a Down Spiders
69%
Hypnotize Lonely Day
65%
Toxicity Prison Song
65%
Toxicity Forest
59%
Toxicity ATWA
57%
System of a Down War?
57%
Toxicity Deer Dance
56%
Mezmerize Violent Pornography
56%
Mezmerize Question!
55%
Mezmerize Radio/Video
55%
Mezmerize Cigaro
54%
Mezmerize Lost in Hollywood
54%
Toxicity X
53%
Toxicity Bounce
51%
Steal This Album! F*** the System
49%
Toxicity Jet Pilot
49%
Hypnotize Attack
48%
Mezmerize Revenga
48%
Toxicity Psycho
47%
Hypnotize Soldier Side
47%
Mezmerize Soldier Side - Intro
47%
Mezmerize Old School Hollywood
46%
Steal This Album! Boom!
45%
Steal This Album! Chic 'n' Stu
45%
System of a Down Know
45%
Toxicity Needles
44%
Toxicity Science
44%
Toxicity Shimmy
44%
System of a Down P.L.U.C.K.
42%
Mezmerize Sad Statue
42%
System of a Down Suite-Pee
42%
Steal This Album! Innervision
40%
Steal This Album! Mr. Jack
40%
Steal This Album! Bubbles
39%
Steal This Album! Ego Brain
39%
Steal This Album! I-E-A-I-A-I-O
39%
System of a Down Darts
38%
System of a Down DDevil
38%
System of a Down Soil
38%
System of a Down Suggestions
38%
Steal This Album! 36
37%
Hypnotize Dreaming
37%
Mezmerize This Cocaine Makes Me Feel Like I'm On This Song
37%
Hypnotize Holy Mountains
36%
System of a Down Mind
36%
Steal This Album! Roulette
35%
Hypnotize She's Like Heroin
35%
Steal This Album! A.D.D.
34%
System of a Down CUBErt
34%
Steal This Album! Highway Song
33%
System of a Down Peephole
33%
Hypnotize Vicinity of Obscenity
33%
Steal This Album! Pictures
32%
Hypnotize Kill Rock'n'Roll
31%
Steal This Album! Nüguns
26%
Hypnotize Stealing Society
26%
Hypnotize Tentative
26%
Steal This Album! Thetawaves
26%
Hypnotize U-Fig
26%
Steal This Album! Streamline
25%
Nie znaleziono quizów pasujących do podanych kryteriów
Rozkład punktacji
Procent ludzi z każdym wynikiem
Percentyl według liczby udzielonych odpowiedzi
Twoja historia wyników
Nie rozwiązałeś tego quizu